eSEC education. Security. Safety : eSEC Dissemination Conference, 30. Mya 2012, Žilina
| Format: | Software eBook |
|---|---|
| Language: | English Czech Slovak |
| PhysicalDescription: | 1 elektronický optický disk (CD-ROM) fareb. 12 cm |
| Published: |
V Žiline
Žilinská univerzita, Fakulta špeciálneho inžinierstva
2012
|
| ISBN: | 9788055405810 (elektronická kniha) |
| Subjects: |
MARC
| LEADER | 00000cam a2200000 a 4500 | ||
|---|---|---|---|
| 001 | vtls010490525 | ||
| 003 | SK-MaSNL | ||
| 005 | 20260302012720.0 | ||
| 007 | co cg muuua | ||
| 008 | 130214s2012 xo | fs 100 0 eng | ||
| 015 | |a SNBS2014 | ||
| 020 | |a 9788055405810 (elektronická kniha) | ||
| 040 | |a SNK |b slo |c SNK |e AACR2 | ||
| 041 | 0 | |a eng |a cze |a slo | |
| 044 | |a xo |c SK | ||
| 072 | 7 | |a 614.8 |x Úrazy a ich prevencia |2 konspekt | |
| 072 | 7 | |a 005 |x Manažment. Riadenie |2 konspekt | |
| 080 | |a 614.8 |2 2001 | ||
| 080 | |a 005.934 |2 2001 | ||
| 080 | |a 005.931 |2 2001 | ||
| 080 | |a (062.534) |2 2001 | ||
| 080 | |a (0.034.44) |2 2001 | ||
| 245 | 0 | 0 | |a eSEC |h elektronický zdroj |b education. Security. Safety : eSEC Dissemination Conference, 30. Mya 2012, Žilina |
| 246 | 3 | 0 | |a Education. Security. Safety |
| 260 | |a V Žiline |b Žilinská univerzita, Fakulta špeciálneho inžinierstva |c 2012 | ||
| 300 | |a 1 elektronický optický disk (CD-ROM) |b fareb. |c 12 cm | ||
| 500 | |a Názov z disku | ||
| 504 | |a Bibliogr. odkazy | ||
| 516 | |a Textový dokument (zborník), súbory vo formáte pdf, jpg | ||
| 536 | |a Projekt Competency Based e-portal of Security and Safety Engineering - eSEC (502092-LLP-1-2009-1-SK-ERASMUS-EMHE) | ||
| 538 | |a Technické požiadavky: PDF prehliadač, prehliadač obrázkov | ||
| 546 | |a Text čiast. aj čes., slov. | ||
| 650 | 0 | 7 | |a bezpečnostné inžinierstvo |2 SNKPH |9 69653 |
| 650 | 0 | 7 | |a bezpečnostný manažment |2 SNKPH |9 927 |
| 650 | 0 | 7 | |a krízový manažment |2 SNKPH |9 4171 |
| 650 | 0 | 7 | |a Crisis management |2 SNKPHeng |9 268286 |
| 650 | 0 | 7 | |a Safety management |2 SNKPHeng |9 276238 |
| 650 | 0 | 7 | |a Safety engineering |2 SNKPHeng |9 338388 |
| 655 | 7 | |a zborníky konferencií |2 SNKPH |9 70153 | |
| 655 | 7 | |a elektronické zdroje |2 SNKPH |9 90954 | |
| 655 | 7 | |a CD-ROM |2 SNKPH |9 70236 | |
| 655 | 7 | |a Proceedings of conferences |2 SNKPHeng |9 265791 | |
| 655 | 7 | |a Electronic resources |2 SNKPHeng |9 175546 | |
| 752 | |a Slovensko |d Žilina | ||
| 852 | |a Štátna vedecká knižnica v Banskej Bystrici | ||
| 919 | |a 978-80-554-0581-0 | ||
| 958 | |a NB | ||
| 999 | |c 1010484 |d 1012414 | ||
| 952 | |a SNK |b SNK |y PREZ |7 0 |p 17A1062945 |o snkSCDM 5357 |i snk2013/3597 |8 0 |0 0 |1 0 |4 0 |d 2013-02-14 |l 0 |r 2026-02-24 12:50:30 |w 2026-02-24 | ||


